<?xml version="1.0" encoding="UTF-8"?>
<record
    xmlns:xsi="http://www.w3.org/2001/XMLSchema-instance"
    xsi:schemaLocation="http://www.loc.gov/MARC21/slim http://www.loc.gov/standards/marcxml/schema/MARC21slim.xsd"
    xmlns="http://www.loc.gov/MARC21/slim">

  <leader>00921nam a2200205 i 4500</leader>
  <controlfield tag="001">164848</controlfield>
  <controlfield tag="003">ES-MaACL</controlfield>
  <controlfield tag="005">20230906213023.0</controlfield>
  <controlfield tag="008">830912s1788    sp           |||| | spa d</controlfield>
  <datafield tag="080" ind1=" " ind2=" ">
    <subfield code="a">615.11(460.23)"17"</subfield>
  </datafield>
  <datafield tag="100" ind1="1" ind2=" ">
    <subfield code="a">Savall y Valldejuli, Jos&#xE9; Antonio.</subfield>
    <subfield code="9">104049</subfield>
  </datafield>
  <datafield tag="245" ind1="1" ind2="0">
    <subfield code="a">Discurso sobre la necesidad de una farmacopea nueva en la ciudad de Barcelona y Principado de Catalu&#xF1;a / </subfield>
    <subfield code="c">por Joseph Antonio Savall y Valldejuli ...</subfield>
  </datafield>
  <datafield tag="260" ind1=" " ind2=" ">
    <subfield code="a">Barcelona : </subfield>
    <subfield code="b">por Francisco Suri&#xE1; y Burgada, imp., </subfield>
    <subfield code="c">1788.</subfield>
  </datafield>
  <datafield tag="300" ind1=" " ind2=" ">
    <subfield code="a">[8], 27 p. ; </subfield>
    <subfield code="c">20 cm.</subfield>
  </datafield>
  <datafield tag="510" ind1="4" ind2=" ">
    <subfield code="a">Palau 303.190</subfield>
  </datafield>
  <datafield tag="597" ind1=" " ind2=" ">
    <subfield code="a">P. [5] y 1 llevan sign. A2, p. 5 lleva A3 y p. 9 lleva A4.</subfield>
  </datafield>
  <datafield tag="597" ind1=" " ind2=" ">
    <subfield code="a">N&#xFA;mero de  l&#xED;n. variable, notas a pie de p. y reclamos.</subfield>
  </datafield>
  <datafield tag="650" ind1="0" ind2="4">
    <subfield code="a">Farmacopeas-</subfield>
    <subfield code="z">Catalu&#xF1;a-</subfield>
    <subfield code="y">S.XVIII.</subfield>
    <subfield code="9">12726</subfield>
  </datafield>
  <datafield tag="852" ind1=" " ind2=" ">
    <subfield code="a">ES-MaACL</subfield>
    <subfield code="j">R-3431(3) </subfield>
    <subfield code="z">- Enc. pasta </subfield>
    <subfield code="z">. - Ex-libris de Mateo Seoane</subfield>
    <subfield code="z">- Enc. en un vol. facticio </subfield>
    <subfield code="x">- Olim: T-630-F</subfield>
  </datafield>
  <datafield tag="999" ind1=" " ind2=" ">
    <subfield code="c">164848</subfield>
    <subfield code="d">164848</subfield>
  </datafield>
  <datafield tag="952" ind1=" " ind2=" ">
    <subfield code="0">0</subfield>
    <subfield code="1">0</subfield>
    <subfield code="4">0</subfield>
    <subfield code="7">0</subfield>
    <subfield code="8">LIBXVIII</subfield>
    <subfield code="a">ATENEOM</subfield>
    <subfield code="b">ATENEOM</subfield>
    <subfield code="c">DEPO</subfield>
    <subfield code="d">2008-01-17</subfield>
    <subfield code="l">0</subfield>
    <subfield code="o">R-3431(3)</subfield>
    <subfield code="p">1172808</subfield>
    <subfield code="r">2023-02-23 00:00:00</subfield>
    <subfield code="w">2023-02-23</subfield>
    <subfield code="y">MONANT</subfield>
  </datafield>
</record>
